Pediatria Práctica / (Registro nro. 12360)
[ vista simple ]
| 000 -CABECERA | |
|---|---|
| Longitud fija campo de control | 01624nam a2200193 a 4500 |
| 003 - • IDENTIFICADOR DELl NÚMERO DE CONTROL | |
| Identificador del número de control | CO-ViMGA |
| 008 - • CÓDIGOS DE INFORMACIÓN DE LONGITUD FIJA | |
| Códigos de información de longitud fija | 141112s2004 ck r 000 u spa d |
| 040 ## - FUENTE DE LA CATALOGACIÓN | |
| Centro catalogador de origen | CO-ViMGA |
| Lengua de catalogación | spa |
| Centro transcriptor | CO-ViMGA |
| 082 04 - • NÚMERO DE LA CLASIFICACIÓN DECIMAL DEWEY | |
| Número de clasificación (R) | 618.92 P517 |
| 100 1# - • PUNTO DE ACCESO PRINCIPAL-NOMBRE DE PERSONA | |
| Nombre de persona | Plata Rueda, Ernesto |
| 245 10 - • TITULO PROPIAMENTE DICHO | |
| Título | Pediatria Práctica / |
| Mención de responsabilidad, etc. | Ernesto Plata Rueda |
| 300 ## - • DESCRIPCIÓN FÍSICA | |
| Extensión | 479.p. |
| 505 ## - • NOTA DE CONTENIDO CON FORMATO | |
| Nota de contenido con formato | Ejercicio de la pediatría en los paises en via de desarrollo La relación medico - paciente en pediatría Inmunizaciones activas y pasivas en el recien nacido Uso y abuso de los corticosteroides en pediatría Selección y abuso de drogas antimicrobianas Diagnostico y profilaxis de los desequilibrios hidroelectrolíticos en la infancia El telefono en la práctica pedíatrica La alimentación en la práctica pedíatrica Polifarmacia en pediatría Desnutrición Enfermedad diarreica aguda Desequilibrio hidroelectrolítico y acido básico en las enfermedades infecciosas agudas Parasitosis intestinal Manejo práctico del niño febril Estados catarrales crónicos o recidivantes de las vias respiratorias en los niños Tuberculosis en el niño Tetanos Meningitis purulenta Guia diagnóstica en el niño pálido Secuencia diagnóstica en el síndrome anemico Anemia ferropenica Manejo del niño quemado Inapetencia infantil El vómito en la infancia El niño maltratado intencionalmente .Maltrato infantil Insuficiencia ponderal del recien nacido Fomento de la alimentación materna |
| 650 14 - • PUNTO DE ACCESO ADICIONAL DE MATERIA - TÉRMINO DE MATERIA | |
| Término de materia o nombre geográfico como elemento inicial | NIÑOS - ENFERMEDADES |
| 650 14 - • PUNTO DE ACCESO ADICIONAL DE MATERIA - TÉRMINO DE MATERIA | |
| Término de materia o nombre geográfico como elemento inicial | PEDIATRIA |
| 942 ## - ENTRADA DE ELEMENTOS AGREGADOS (KOHA) | |
| Fuente de clasificaión o esquema | Dewey Decimal Classification |
| Koha [por defecto] tipo de item | LIbro |
| Perdido | Fuente de clasificación o esquema | Estado Físico | No para préstamo | Forma de adquisición | Localización permanente | Localización actual | Fecha adquisición | Serie de enumeración / cronolog&íacute;a | Préstamos totales | Signatura completa | Código de barras | Fecha última consulta | Número de copia | Fecha del precio de reemplazo | Tipo de item de Koha |
|---|---|---|---|---|---|---|---|---|---|---|---|---|---|---|---|
| Dewey Decimal Classification | Sala Especializada Tercer Piso | Biblioteca Pública Germán Arciniegas - Villavicencio | Biblioteca Pública Germán Arciniegas - Villavicencio | 12/04/2015 | Volumen. 1 | 11/jun/2009 | 618.92 P517 | 108 | 12/04/2015 | Ej. 1 | 12/04/2015 | LIbro |